000 00454nam a2200169 i 4500
001 55030
003 ES-MaACL
005 20240529062941.0
007 t|
008 030911s1970 sp ||||1| spa d
100 0 _aDelgado, Agustín,
_d1941-
_943391
245 1 0 _aCancionero civil /
_cAgustín Delgado.
260 _aLeón :
_b[s.n.],
_c1970.
300 _a63 p. ;
_c22 cm.
852 _aES-MaACL
_jC-44730
_bR.75288
999 _c55030
_d55030